| 000 | 00699nam a2200253Ia 4500 | ||
|---|---|---|---|
| 003 | OSt | ||
| 005 | 20221005031857.0 | ||
| 006 | a|||||r|||| 00| 0 | ||
| 007 | ta | ||
| 008 | 221004b |||||||| |||| 00| 0 tam d | ||
| 020 | _c1.12 | ||
| 024 | _a64205 | ||
| 037 | _cTextual | ||
| 040 |
_aCRL _cCRL _btam |
||
| 041 |
_2tam _atam |
||
| 082 | _aQ2:4198.2MH, 31J6 | ||
| 100 |
_aSwamigal Sri Sidbhavananda Au. _9584436 |
||
| 245 | 0 | _aThirukkailayagiri Yathirai | |
| 260 |
_aChennai _bRamakrishna Madam India _c1956 |
||
| 300 |
_a185p. _ccm. |
||
| 650 | _aRELIGION | ||
| 942 |
_hQ2:4198.2MH, 31J6 _cTEXL _2cc |
||
| 999 |
_c938627 _d938627 |
||